Living in India : (Record no. 607753)
[ view plain ]
| 000 -LEADER | |
|---|---|
| fixed length control field | 00661nam a22002177a 4500 |
| 003 - CONTROL NUMBER IDENTIFIER | |
| control field | OSt |
| 005 - DATE AND TIME OF LATEST TRANSACTION | |
| control field | 20240215105643.0 |
| 008 - FIXED-LENGTH DATA ELEMENTS--GENERAL INFORMATION | |
| fixed length control field | 170515t xxu||||| |||| 00| 0 eng d |
| 020 ## - INTERNATIONAL STANDARD BOOK NUMBER | |
| International Standard Book Number | 8172341342 |
| 040 ## - CATALOGING SOURCE | |
| Transcribing agency | 0 |
| 082 ## - DEWEY DECIMAL CLASSIFICATION NUMBER | |
| Classification number | 747.2954 |
| Author Mark | SON |
| 100 1# - MAIN ENTRY--PERSONAL NAME | |
| Personal name | Soni, Varun |
| 9 (RLIN) | 120497 |
| 245 10 - TITLE STATEMENT | |
| Title | Living in India : |
| Remainder of title | lives in style/ |
| Statement of responsibility, etc. | Varun Soni and Sushil Soorma. |
| 260 ## - PUBLICATION, DISTRIBUTION, ETC. | |
| Name of publisher, distributor, etc. | Prakash Books india pvt Ltd, |
| Date of publication, distribution, etc. | 2006. |
| 300 ## - PHYSICAL DESCRIPTION | |
| Extent | 271 p.: |
| Other physical details | ill; |
| Dimensions | 30 cm. |
| 651 ## - SUBJECT ADDED ENTRY--GEOGRAPHIC NAME | |
| Geographic name | Interior decoration |
| 9 (RLIN) | 120468 |
| 651 ## - SUBJECT ADDED ENTRY--GEOGRAPHIC NAME | |
| Geographic name | Architecture, Domestic |
| 9 (RLIN) | 120462 |
| 651 ## - SUBJECT ADDED ENTRY--GEOGRAPHIC NAME | |
| Geographic name | House furnishings |
| 9 (RLIN) | 120401 |
| 710 1# - ADDED ENTRY--CORPORATE NAME | |
| Corporate name or jurisdiction name as entry element | Soorma,Sushil. |
| 9 (RLIN) | 120498 |
| 942 ## - ADDED ENTRY ELEMENTS (KOHA) | |
| Source of classification or shelving scheme | |
| Koha item type | Book |
| Institution code [OBSOLETE] | SADA |
| Call number prefix | 747.2954 SON 2006 |
| Withdrawn status | Lost status | Source of classification or shelving scheme | Damaged status | Not for loan | Permanent Location | Current Location | Date acquired | Source of acquisition | Total Checkouts | Full call number | Barcode | Date last seen | Cost, replacement price | Price effective from | Koha item type |
|---|---|---|---|---|---|---|---|---|---|---|---|---|---|---|---|
| School of Art Design and Architecture (SADA) | School of Art Design and Architecture (SADA) | 01/05/2017 | S.A.Rehman | 747.2954 SON 2006 | SADA0002670 | 02/15/2024 | 2051.28 | 02/15/2024 | Book |
